00928nam a2200253 i 4500001000200000003000900002005001700011008003900028015001800067035002100085040002200106080001900128080001300147080001600160100003500176245008700211260005600298300003300354380001700387500008700404655005000491650003600541856009700577bKOSZ 00520190916143451.0071107s1971 pl a f f |000 0 pol aPB 1971/10260 a(OCoLC)802030791 aWA NcKOSZ 005/HR a620.1:539.3/.6 a539.3/.6 a(075.8+076)1 aGubrynowiczowa, Janina.eAutor10aZbiór zadań z wytrzymałości materiałów.nCz. 2 /cJanina Gubrynowiczowa. aWarszawa :bPaństwowe Wydawnictwo Naukowe,c1971. a426, [1] s. :bil. ;c23 cm. aKsiążki. aDo podręcznika "Wytrzymałość materiałów", wyd. 3 i dalsze. Druk z klisz. 4aĆwiczenia i zadania dla szkół wyższych 4aWytrzymałość materiałów uhttp://koha.tu.koszalin.pl/cgi-bin/koha/opac-detail.pl?biblionumber=7681yKatalog online BPK